| 000 | 00429pab a2200157 454500 | ||
|---|---|---|---|
| 008 | 180718b2018 xxu||||| |||| 00| 0 eng d | ||
| 100 | _aSharma, S.C. et al | ||
| 245 | _aEssence of moral values in the education: a true way of indianizing the system of education | ||
| 260 | _c2018 | ||
| 300 | _ap.3-7. | ||
| 362 | _a29 Jan | ||
| 650 | _aEducation | ||
| 650 | _aMoral values | ||
| 773 | _aUniversity News | ||
| 909 | _a117023 | ||
| 999 |
_c117017 _d117017 |
||